Metodología de la investigación en finanzas y contabilidad
Guardat en:
| Autors principals: | , , |
|---|---|
| Format: | Llibre |
| Idioma: | espanyol |
| Publicat: |
Barcelona
Deusto
2004
|
| Edició: | 1a. ed |
| Matèries: | |
| Etiquetes: |
Afegir etiqueta
Sense etiquetes, Sigues el primer a etiquetar aquest registre!
|
MARC
| LEADER | 00000nam a2200000 a 4500 | ||
|---|---|---|---|
| 001 | UCK1343 | ||
| 003 | CL-VaPUC | ||
| 008 | 041112e20040000SP |||||||||||||||||spa|d | ||
| 020 | |a 8423421473 | ||
| 082 | 0 | 4 | |a 332.072 |b RYA |2 21 |
| 100 | 0 | |a Ryan, Bob |e author |9 489102 | |
| 700 | 0 | |a Scapens, Robert W |e author |9 489103 | |
| 700 | 0 | |a Theobald, Michael |e author |9 489104 | |
| 245 | 1 | 0 | |a Metodología de la investigación en finanzas y contabilidad |
| 250 | |a 1a. ed | ||
| 300 | |a 319 p | ||
| 942 | |c BK | ||
| 945 | |d 20041112 00:00:00 |a cmena | ||
| 260 | |a Barcelona |b Deusto |c 2004 | ||
| 650 | 0 | |a Finanzas |9 260832 | |
| 650 | 0 | |a Administración financiera |9 261146 | |
| 650 | 0 | |a Métodos de investigación |9 262618 | |
| 650 | 0 | |a Contabilidad |9 261430 | |
| 583 | |a last modification |c 20041112 00:00:00 |k Rodrigo Vera | ||
| 999 | |c 311315 |d 311313 | ||
| 952 | |0 0 |1 0 |4 0 |6 332_072000000000000_RYA_2004 |7 0 |8 A |9 380681 |a BIBGIM |b BIBGIM |d 2019-11-21 |i 407825K |o 332.072 RYA 2004 |p 407825K |r 2025-01-15 |w 2019-11-21 |y BK |k COM | ||